000 01268nam a22003857a 4500
001 0073529
003 KOHA_MİRAKIL
005 20260207005143.0
007 ta
008 250325b1990 tu |||gr||||#0|||d|tur |
020 _a9751707935
040 _aTR-BiSEU
_btur
_cTR-BiSEU
_erda
041 0 _atur
044 _ctu
050 _aPL237.A83
_bS85 1990
100 1 _aAtay, Cahit.
245 1 _aSultan gelin: komedi, 3 bölüm/
_cCahit Atay ; Cahit Atay ; Özel Arabul.
264 1 _aAnkara :
_bKültür Bakanlığı
_c1990
300 _a44 sayfa; 19 cm.
336 _ametin
_btxt
_2rdacontent
337 _aaracısız
_bn
_2rdamedia
338 _acilt
_bnc
_2rdacarrier
490 1 _aKültür Bakanlığı yayınları ;
_v1238.
490 1 _aTiyatro Eserleri dizisi ;
_v39.
650 0 _aTürk draması.
_98531
650 0 _aTürk Edebiyatı--Tiyatro.
_990894
650 0 _aTürk Halk Edebiyat--Tiyatro Eserleri-Komedi.
_9148214
650 0 _aTurkish drama.
_98532
650 0 _aTurkish Literature--Theater.
_9148215
650 0 _aTurkish Folk Literature--Theater Works-Comedy.
_9148216
830 1 _aKültür Bakanlığı yayınları ;
_v1238.
_96658
830 1 _aTiyatro Eserleri dizisi ;
_v39.
_914019
907 _aTiyatro
942 _2lcc
_cBK
999 _c74282
_d74282